Quizzes
Events
Quiz Creation
Community
Videos
Private Events
Remove Ads
Sign In
Join for FREE
Feedback
Dark Mode
Quiz Categories
Sports
Geography
Music
Movies
Television
Just For Fun
Miscellaneous
History
Literature
Language
Science
Gaming
Entertainment
Religion
Holiday
For Kids
Quiz Lab
Recent
Popular Today
Quiz Kudos Today
Editor Picks
Curator Picks
Quizzes by...
Day
Popularity
Type
Ratings
Length
Year
Community
Subscriptions
Recent Discussions
Orange Saloon
Badges
Playlists
Quests
Create
Leaderboards
Showdown
Live 5
Trivia Bingo
Activity
Puzzle Library
Sporcle Events
Private Events
Virtual Trivia
Globe League
Become a Host
Pub Owners
SporcleCon
Opinionation
Our Games
Videos
Blog
Mobile Apps
Partnerships
Remove Ads and Go Orange
Feedback
Language
Vocabulary
Begins and Ends
Definition
Spanish
French
German
Italian
Chinese
Latin
Translation
Japanese
Language
Vocabulary
Begins and Ends
Definition
Spanish
French
German
Italian
Chinese
Latin
Translation
Japanese
Random Quiz
Search Sporcle
×
Quiz Lab
Quiz Lab
Language
Country
Type in answers that appear in a list
Type in answers that appear in a list
Classic
Best Score? Go Orange.
Swedish: Europe Stats
Can you name the European countries in Swedish?
By
giraki
15m
51 Questions
317 Plays
317 Plays
317 Plays
Comments
Comments
Give Quiz Kudos
Give Quiz Kudos
-
- Ratings
hide this ad
Replay
Link that replays current quiz
Next Quiz
Link to next quiz in quiz playlist
You Got
0%
They Got
Avg Score
63%
Avg Friend Score
Upgrade to see
Score Distribution
Jump to the score distribution portion of the page
Score
0/51
Timer
15:00
0
Plays Today
English
Swedish
% Correct
Sweden
Sverige
98.1%
Norway
Norge
93.7%
Iceland
Island
91.8%
Denmark
Danmark
90.5%
Finland
Finland
90.5%
Germany
Tyskland
83.9%
Italy
Italien
78.8%
Ireland
Irland
77.2%
Spain
Spanien
75.9%
Malta
Malta
75.6%
Estonia
Estland
75.3%
France
Frankrike
74.4%
Andorra
Andorra
74.1%
Monaco
Monaco
73.4%
Portugal
Portugal
72.5%
San marino
San marino
72.5%
Russia
Ryssland
70.9%
Poland
Polen
69.3%
Latvia
Lettland
67.4%
Kosovo
Kosovo
67.1%
Serbia
Serbien
66.5%
Bulgaria
Bulgarien
66.5%
Albania
Albanien
66.5%
Belgium
Belgien
66.1%
Liechtenstein
Liechtenstein
66.1%
Slovakia
Slovakien
64.6%
English
Swedish
% Correct
Greece
Grekland
64.6%
Slovenia
Slovenien
64.2%
Montenegro
Montenegro
62.3%
Luxembourg
Luxemburg
62%
Armenia
Armenien
61.7%
Vatican City
Vatikanstaten
60.4%
Belarus
Vitryssland
60.1%
Croatia
Kroatien
60.1%
Austria
Österrike
59.8%
Georgia
Georgien
59.8%
Netherlands
Nederländerna
55.1%
Switzerland
Schweiz
52.8%
Romania
Rumänien
51.9%
Hungary
Ungern
50.3%
United Kingdom
Storbritannien
50%
Moldova
Moldavien
49.7%
Ukraine
Ukraina
49.1%
Macedonia
Makedonien
48.7%
Lithuania
Litauen
48.1%
Turkey
Turkiet
46.2%
Czech Republic
Tjeckien
44%
Cyprus
Cypern
42.7%
Kazakhstan
Kazakstan
40.5%
Bosnia and Herzegovina
Bosnien-Hercegovina
23.7%
Azerbaijan
Azerbajdzjan
23.7%
Quiz Playlist
Details
Report
Send in Message
Add To Playlist
Classic:
Type in answers that appear in a list
Last Updated: Feb 16, 2017
Quiz Scoreboard
CHALLENGE
Sign Up to Join the Scoreboard
Show All
Scores
Hide
Comments
May contain spoilers
Recently Published
An Introduction to Baseball
by treessimontrees
Sports
5m
Movies - When Are They Set?
by FPL_Elf
Movies
5m
Popular People in 1961
by mucciniale
History
6m
More to Explore
Quiz From the Vault
Featured Blog Post
Where Did the Easter Bunny Come From?
hide this ad
You Might Also Like...
Tags
Country Quiz
Europe Quiz
English
Swedish
Today's Top Quizzes in Language
Browse Language
hide this ad
Today's Top Quizzes in Country
Browse Country
Top Contributed Quizzes in Language
1
1-10 Letter F Words III
2
Order Up: Top 10 Most Native Spoken Languages
3
1-10 Letter G Words III
4
1-10 Letter H Words III
5
One Thing in Common: Italy
6
1-10 Letter I Words III
7
Weisst du, aus welchen Sprachen diese Wörter stammen?
8
1-10 Letter J Words III
9
Begins and Ends With AN
10
Hiragana Speed Reading
Explore More
Trending Topics
NBA
Harry Potter
Marvel
Kpop
Crossword
Disney
Anime
NFL
The Office
Song
Soccer
Pokémon
WWE
Country
Puzzle
hide this ad
More By:
giraki
Quiz
Plays
Rating
Category
Featured
Created
Countries of the Arctic Council
393
4.22
Geography
Jan 26, 2011
Swedish: 1-100
390
Language
Jan 5, 2011
Countries of the Kalmar Union
319
4.50
Geography
Jan 26, 2011
Swedish: Europe
317
4.80
Language
Jan 8, 2011
Native African Countries of EU3
84
5.00
Gaming
Sep 26, 2011
Go to Creator's Profile
Score Distribution
Quiz Creator Spotlight
giraki
Follow
Send a Message
Quizzes Created
-
Created Quiz Play Count
-
More By This Creator
Popular Quizzes Today
1
Find the Countries of Europe - No Outlines Minefield
2
Find the US States - No Outlines Minefield
3
The Countries of the World
4
Popular People in 1961
5
US States
6
1-10 Letter E Words III
7
Find the US States
8
One Thing in Common: World Cities II
More Language Quizzes
Swapping Halves
Published
Trending Quizzes
Risky Map Clicking: Least Populous States A-Z
1-10 Letter F Words
1-10 Letter G Words
One Thing in Common: United Kingdom
Risky Map Clicking: Next State Alphabetically
Recently Updated
Leaping Animals
pecheneg
Reality TV Shows (A-Z)
bhenderson79
Rickey Henderson's Hall of Fame Teammates
pecheneg
Champions League XIs: Arsenal
pecheneg
Quick Pick: Celebrities in WWE's Hall of Fame
aduchscher
A-Z Keypad Blitz II
pecheneg
Multiple Oscar Actors
pecheneg
Mystery Phrase Blitz: Oscar 'Best Actors'
pecheneg
F. Scott Fitzgerald Novels
LTH
Pick 3 Villains
ddd62291
Trending Topics
Disney
NBA
Harry Potter
Anime
Marvel
Kpop
Crossword
The Office
Pokémon
Country
NFL
Puzzle
WWE
Song
Soccer
Your Account Isn't Verified!
In order to create a playlist on Sporcle, you need to verify the email address you used during registration. Go to your
Sporcle Settings
to finish the process.
Report this User
Report this user for behavior that violates our
Community Guidelines
.
Details:
Send Report
Go to the Sporcle.com Mobile Site →
Comments